Guess the BON JOVI song - Statistics

General Stats
  • This quiz has been taken 211 times
  • The average score is 13 of 20
Answer Stats
Hint Answer % Correct
"We've got each other and that's a lot for love / We'll give it a shot" Livin' on a Prayer
93%
"I ain't gonna be just a face in the crowd / You're gonna hear my voice when I shout it out loud" It's My Life
90%
"Chains of love got a hold on me / When passion's a prison, you can't break free" You Give Love a Bad Name
87%
"I walk these streets, a loaded six string on my back / I play for keeps, 'cause I might not make it back" Wanted Dead or Alive
83%
"On your knees, that's what you get for falling in love / Now I'm addicted and your kiss is the drug" Bad Medicine
74%
"Daddy's girl learned fast / All those things she couldn't say" Runaway
74%
"Till the heavens burst and / The words don't rhyme / And I know when I die, you'll be on my mind" Always
72%
"Faith, you know you're gonna live through the rain" Keep the Faith
67%
"While we're talking / About all of the things that I long to believe / About love and the truth and / What you mean to me" Bed of Roses
66%
"You and me and my old friends / Hoping it would never end / Say goodbye, never say goodbye" Never Say Goodbye
66%
"I didn't mean to miss your birthday, baby / I wish I'd seen you blow those candles out" I'll Be There For You
65%
"I'm gonna live my life / Shine like a diamond, rolling with the dice / Standing on the ledge, I show the wind how to fly" Have a Nice Day
61%
"Only God would know the reasons / But I bet he must have had a plan" Born to be My Baby
60%
"I'd tell you that I'd never leave you / And love you until the end of time / If you were in these arms tonight" In These Arms
60%
"And, Lord, I never drew first, but I drew first blood / I'm no one's son, call me young gun" Blaze of Glory
55%
"For being my eyes / When I couldn't see / For parting my lips / When I couldn't breathe" Thank You for Loving Me
42%
"If the love that I've got for you is gone / And if the river I’ve cried ain’t that long" This Ain't a Love Song
42%
"I wanna be the one you run to when you need a shoulder / I ain't a soldier but I'm here to take a stand / Because we can" Because We Can
40%
"These four walls have got a story to tell / The door is off the hinges, there's no wish in the well" This House is Not for Sale
39%
"Yeah I'm busting loose, I'm letting go / Out on this open road" Lost Highway
37%
No matching quizzes found
Score Distribution
Percent of People with Each Score
Percentile by Number Answered
Your Score History
You have not taken this quiz